| 000 | 00647nam a22001932 4500 | ||
|---|---|---|---|
| 001 | 0000012828 | ||
| 005 | 20151217155852.0 | ||
| 008 | 090322s xx 000 0 eng d | ||
| 040 |
_aKABU _cKABU |
||
| 245 | 1 | 0 |
_aAfrican land development in Kenya : _breport of the Land Development Board for the financial year 1st July, 1958 to 30th June, 1959. |
| 250 | _a1st ed. | ||
| 260 |
_aNairobi : _bGovt. Printer, _c1960. |
||
| 300 | _a91 p. | ||
| 650 | 0 |
_aLand tenure _zKenya. _@0000151130 |
|
| 650 | 0 |
_aLand settlement _zKenya. _@0000151121 |
|
| 852 | 1 | _9p200 KES | |
| 908 | _a090322 | ||
| 950 | _@1 | ||
| 999 |
_c13520 _d13520 |
||